Ṡikshā-samīkshā. (Record no. 64571)

MARC details
000 -LEADER
fixed length control field 00574cam a22002291 4500
001 - CONTROL NUMBER
control field sa 65006246
003 - CONTROL NUMBER IDENTIFIER
control field DLC
005 - DATE AND TIME OF LATEST TRANSACTION
control field 20260227112141.0
008 - FIXED-LENGTH DATA ELEMENTS--GENERAL INFORMATION
fixed length control field 940930s1962 ii 000 0 beno
010 ## - LIBRARY OF CONGRESS CONTROL NUMBER
LC control number sa 65006246
025 ## - OVERSEAS ACQUISITION NUMBER
Overseas acquisition number PL480:I-B-1855
035 ## - SYSTEM CONTROL NUMBER
System control number (OCoLC)31205801
040 ## - CATALOGING SOURCE
Original cataloging agency DLC
Transcribing agency CU
Modifying agency CU
-- DLC
050 00 - LIBRARY OF CONGRESS CALL NUMBER
Classification number LB1028
Item number .B47
100 1# - MAIN ENTRY--PERSONAL NAME
Personal name Bhattacharya, Srinibas,
Dates associated with a name 1921-
245 10 - TITLE STATEMENT
Title Ṡikshā-samīkshā.
260 ## - PUBLICATION, DISTRIBUTION, ETC.
Date of publication, distribution, etc. [1962]
300 ## - PHYSICAL DESCRIPTION
Extent 274 p.
Dimensions 23 cm.
500 ## - GENERAL NOTE
General note In Bengali.
650 #0 - SUBJECT ADDED ENTRY--TOPICAL TERM
Topical term or geographic name entry element Education, Secondary.
650 #0 - SUBJECT ADDED ENTRY--TOPICAL TERM
Topical term or geographic name entry element Education
General subdivision Research.

No items available.

Powered by Koha